Responses for show #7748 - Wednesday, April 25, 2018

Contestants

Krishna Veeraraghavan, a sales analyst from Seattle, Washington

Jen Regan, a travel marketer from North Bergen, New Jersey

Randy Mathews, a fragrance specialist from Houston, Texas (whose 1-day cash winnings total $20,000)

Jeopardy! Round responses

THE FAST & THE FASTIDIOUS
STATE CAPITAL FACTS
CROSSOVER TV
ON THE BIG MONEY
DAMON RUNYONESQUE GANGSTER LINGO
WHAT'S YOUR SPIRIT ANIMAL?
    $200 6
a car seat

Krishna
    $200 11
Denver

Krishna
    $200 21
Charlie's Angels

Randy
    $200 16
Madison

Krishna
    $200 26
croak

Randy
    $200 1
(Randy: What is sunrise?)

mockingbird

RandyKrishna
    $400 7
detailing

Randy
    $400 12
Hartford

Triple Stumper
    $400 22
Lucille Ball

Krishna
    $400 17
(Randy: Who is Taft?)
(Krishna: Who is Jay?)

John Marshall

RandyKrishna
Triple Stumper
    $400 27
a gun

Krishna
    $400 2
(Krishna: What is a holy cow?)

a bull shot

Krishna
Triple Stumper
    $600 8
(Randy: What are pinstripes?)

racing stripes

RandyKrishna
    $600 13
Austin

Randy
    $600 23
(Alex: Less than a minute.)

Family Guy

Randy
    $600 18
McKinley

Krishna
    $600 28
no dice

Jen
    $600 3
grasshopper

Krishna
    $800 9
Turtle Wax

Randy
    $800 14
Montpelier

Jen
    $800 24
Absolutely Fabulous

Randy
    $3,600 19
(Krishna: Who is Garfield?)

Grover Cleveland

Krishna
    $800 25
Grifters

Jen
    $800 4
a greyhound

Krishna
    $1000 10
a brassiere

Jen
    $1000 15
Providence

Jen
    $1000 20
Salmon P. Chase

Triple Stumper
    $1000 29
[The end-of-round signal sounds.]

kisser

Krishna
    $1000 5
a Moscow mule

Krishna

Scores at the first commercial break (after clue 15):

Randy Jen Krishna
$1,000 $2,800 $3,200

Scores at the end of the Jeopardy! Round:

Randy Jen Krishna
$2,400 $4,200 $1,800

Double Jeopardy! Round responses

PLANET EARTH
EMOTION
YOU'RE IN DUTCH NOW
SINGERS
BALL
CHAIN
    $400 1
the core

Randy
    $400 18
jealousy

Randy
    $400 7
the drummer

Randy
    $400 12
Lady Gaga

Krishna
    $400 9
The Three Musketeers

Randy
    $400 6
chain mail

Jen
    $800 2
igneous

Krishna
    $800 19
haterade

Jen
    $800 14
a designated driver

Randy
    $800 27
(Randy: Who is Billy Corrigan... or William Corrigan?)

Corgan

Randy
Triple Stumper
    $800 10
the Red Death

Randy
    $800 8
(Randy: What is game theory?)
(Krishna: What is chaos?)

probability

RandyKrishna
Triple Stumper
    $2,000 3
glaciers

Krishna
    $1200 23
anger

Randy
    $1200 20
(Krishna: What is a croupier?)

a dealer

JenKrishna
    $1200 28
(Jen: What is Cab?)
(Alex: Be more specific.)
(Jen: [*]?)

Cab Calloway

Jen
    $1200 11
The Age of Innocence

Triple Stumper
    $1200 13
surveying

Jen
    $1600 4
Argentina and Chile

Triple Stumper
    $1600 24
(Krishna: What is confidence?)
...
(Alex: Less than a minute now.)

pride

Krishna
Triple Stumper
    $1600 21
(Jen: Who is the grandfather?)

uncle

Jen
Triple Stumper
    $1600 29
(Krishna: Who is... Ella Fitzgerald?)
...
[The end-of-round signal sounds.]

Fats Domino

Krishna
Triple Stumper
    $1,600 15
(Randy: I honestly don't know.)

War and Peace

Randy
    $1600 16
the great chain of being

Triple Stumper
    $2000 5
(Krishna: What is neolithic?)

Cenozoic

Krishna
Triple Stumper
    $2000 25
surprise

Randy
    $2000 22
(Krishna: What is...)

the striker

RandyKrishna
    $2000 26
Pride and Prejudice

Triple Stumper
    $2000 17
Perseus

Triple Stumper

Scores at the end of the Double Jeopardy! Round:

Randy Jen Krishna
$7,600 $7,400 -$4,200

[wagering suggestions for these scores]

Final Jeopardy! Round responses

GEOGRAPHY
(Alex: As a result of confederation in 1867, we already had Nova Scotia on the Atlantic.)
JenWhat is British Columbia?
$7,380
RandyWhat is Saskatchewan?
$7,401
British Columbia

Final scores:

Randy Jen Krishna
$199 $14,780 -$4,200
2nd place: $2,000 New champion: $14,780 3rd place: $1,000

Game dynamics:

Coryat scores:

Randy Jen Krishna
$9,200 $7,400 -$1,400
16 R,
6 W
(including 1 DD)
10 R,
1 W
15 R
(including 1 DD),
9 W
(including 1 DD)

Combined Coryat: $15,200

The J! Archive is created by fans, for fans. The Jeopardy! game show and all elements thereof, including but not limited to copyright and trademark thereto, are the property of Jeopardy Productions, Inc. and are protected under law. This website is not affiliated with, sponsored by, or operated by Jeopardy Productions, Inc. Join the discussion at JBoard.tv.